000 00413 a2200145 4500
003 OSt
005 20231121141447.0
008 231121b |||||||| |||| 00| 0 eng d
040 _coclc
082 _a635
_bKHA/G
245 _aGardening A Constructive Endeavour /
_cNasim Khan
260 _aDelhi:
_bStudent book depot,
_c2004.
300 _a264p
942 _2ddc
_cBK
_h635
_iKHA/G
_k635
_mKHA/G
999 _c43670
_d43670